00505nam a22001577a 450000500170000000800410001702000180005804100130007608200140008910000230010324500730012625000190019926000740021830000300029265000250032220231127081823.0231127b |||||||| |||| 00| 0 eng d a9789991609430 aEnglish  a340.1 AMO aAmoo, SK lEnglish aAn Introduction to Namibian Law : bMaterials and Cases / cSK Ammoo aFirst Edition  aWindhoek : bMacmillan Education Namibia Publishers (Pty) Ltd, c2008 bii, 482 pages ; c25 cm.  aLegal practice bLaw